|
|
|
|
| LEADER |
01206nam a2200253 a 4500 |
| 001 |
3405798 |
| 008 |
090601r20031989enk 001 0 eng d |
| 010 |
|
|
|a 89159156
|
| 020 |
|
|
|a 0750619805
|
| 040 |
|
|
|a MH
|c MH
|d DLC
|
| 082 |
0 |
4 |
|a 306.09
|2 22
|
| 100 |
1 |
|
|a Drucker, Peter F.
|q (Peter Ferdinand),
|d 1909-2005.
|
| 245 |
1 |
4 |
|a The new realities :
|b in government and politics-- , in economy and business-- , in society-- , and in world view /
|c Peter F. Drucker.
|
| 260 |
|
|
|a Oxford :
|b Heinemann Professional Publishing,
|c c1989[reprinted 2003].
|
| 300 |
|
|
|a 262 p. ;
|c 24 cm.
|
| 541 |
1 |
|
|e 00010220
|
| 650 |
|
0 |
|a Social history
|y 1970-
|
| 650 |
|
0 |
|a World politics
|y 1945-1989.
|
| 650 |
|
0 |
|a Economic history
|y 1971-1990.
|
| 650 |
|
0 |
|a Civilization, Modern
|y 1950-
|
| 852 |
4 |
|
|a Ayesha Abed Library
|j General Shelf.
|
| 999 |
|
|
|c 1259
|d 1259
|
| 952 |
|
|
|0 0
|1 0
|2 ddc
|4 0
|6 306_090000000000000_DRU
|7 0
|9 1144
|a BRACUL
|b BRACUL
|c GEN
|d 2009-06-25
|g 0.00
|l 4
|m 11
|o 306.09 DRU
|p 3010010220
|r 2026-05-17
|s 2026-04-25
|t 1
|w 2009-06-25
|y BK
|x No price found in the accession register.
|
| 952 |
|
|
|0 0
|1 0
|2 ddc
|4 0
|6 306_090000000000000_DRU
|7 0
|9 43309
|a SCL
|b SCL
|c GEN
|d 2005-11-30
|g 520.00
|l 1
|o 306.09 DRU
|p 3020005804
|r 2024-02-05
|s 2024-01-25
|t 2
|w 2014-07-20
|y BK
|